| 000 | 00812nam a22002531u 4500 | ||
|---|---|---|---|
| 001 | 03010 | ||
| 003 | HDC | ||
| 007 | cr bn --- | ||
| 008 | 201226p200603 xx fo d 00 engg | ||
| 040 | _aHDC | ||
| 100 |
_aAHMAD NIZAM BIN ABDULLAH, _eauthor _91698 |
||
| 245 | 0 |
_aPERCEPTION AND AWARENESS AMONG FOOD MANUFACTURERS AND MARKETERS ON HALAL FOOD IN THE KLANG VALLEY / _cby AHMAD NIZAM BIN ABDULLAH |
|
| 260 |
_a[No Place] : _b[publisher not identified], _c2006 |
||
| 300 | _a18 pages | ||
| 336 |
_atext _2rdacontent |
||
| 337 |
_acomputer _2rdamedia |
||
| 338 |
_aonline resource _2rdacarrier |
||
| 650 |
_aFood industry and trade _xReligious aspects _xIslam _9149 |
||
| 650 |
_aHalal food industry _zMalaysia _9218 |
||
| 650 |
_aHalal food _950 |
||
| 942 | _2lcc | ||
| 942 | _cTHE | ||
| 942 | _kTHES 000069 | ||
| 999 |
_c396 _d396 |
||